000 01050nam a2200217 i 4500
001 144070
003 ES-MaACL
005 20251014063212.0
007 t|
008 070214s1983 sp r ||||1| spa d
100 1 _aSimonet, Francisco Javier,
_d1829-1897
_9106570
245 1 0 _aHistoria de los mozárabes de España /
_cFrancisco Javier Simonet.
260 _aMadrid :
_bTurner,
_c1983.
300 _a4 v. ;
_c20 cm.
490 1 _aColección Turner ;
_v76-79
505 8 _aContiene: t. 1. Bajo el gobierno de los Virreyes, 711 a 756. - t. 2. Desde el advenimiento de Abderramán I hasta la mitad del reinado de Mohamed I, 756 a 870. - t. 3. Desde las guerras civiles que empezaron bajo Mohamed I, hasta la conquista de Toledo por Alfonso VI, 870 a 1085. - t. 4. Desde la invasión de los almorávides hasta los últimos tiempos de la dominación Sarracena, 1085 a 1492
650 4 _aMozárabes-
_xHistoria.
_9136553
830 0 _aColección Turner ;
_v76-79
_9220628
852 _aES-MaACL
_jL-9145-48
999 _c144070
_d144070